000 00445nam a2200193Ia 4500
005 20250425162637.0
008 250425s9999 xx 000 0 und d
041 _aspa
082 _a547
100 _aZAPPI, ENRIQUE V.
245 0 _aTRATADO DE QUÍMICA ORGÁNICA
250 _a2A ED.
260 _aArgentina
_bATENEO
_c1952
260 _aBUENOS AIRES
300 _a666
650 _aQUIMICA ORGANICA
942 _c01
010 _a93010
999 _c233473
_d233473